| 000 | 00810cam a2200217 4500 | ||
|---|---|---|---|
| 001 | WB364015 | ||
| 008 | 000000n2000 000 0 eng u | ||
| 035 | _a(Sirsi) u108762 | ||
| 245 | _aStamp duty cut on new city homes | ||
| 260 | _c2000 | ||
| 490 |
_aIndependent on Sunday _v8 October 2000,4(1) |
||
| 520 | _aNegotiations between the Treasury and DETR are continuing over the detail of a government initiative which will cut stamp duty on new homes on brownfield sites, in an effort to attract people back into more affordable homes in towns and cities. | ||
| 590 | _aWB | ||
| 650 | _aHOUSE PRICES | ||
| 650 | _aSTAMP DUTY | ||
| 650 | _aBROWNFIELD SITES | ||
| 650 | _aINNER CITIES | ||
| 650 | _aREGENERATION | ||
| 690 | _aPROPERTY-RESIDENTIAL PROPERTY-RESIDENTIAL PROPERTY MARKET | ||
| 942 | _n0 | ||
| 999 |
_c64931 _d64931 |
||